000
00299nam a22001337a 4500
008
170531b xxu||||| |||| 00| 0 eng d
020
_a
9780618122189
041
_a
eng
080
_2
10 ED
_a
94(7/8)
100
_a
17
101
_a
SHH
245
_a
AMERICAN SPIRIT
_c
KENEDY.D.M
942
_2
udc
_c
BK
999
_c
15111
_d
15111